00444nam a2200085Ia 4500008004100000245001400041300024200055650001600297856004500313170517s9999 xx 000 0 und d aWi-Fried? aMobile technologies have shaped our way of life, but are they also discreetly killing us? That's the question raised by the new documentary short WI-FRIED?, a thought-provoking look at the secret dangers which may lurk in the midst of... xTechnology. uhttp://topdocumentaryfilms.com/wi-fried/